Diversity within the unity of the shari'ah : A study of the approach of Imam al-Sha'rani in his Mizan al-Kubra /
Saved in:
| 主要作者: | |
|---|---|
| 格式: | Thesis |
| 語言: | English |
| 出版: |
Kuala Lumpur :
International Institute of Islamic Thought and Civilization (ISTAC),
2001
|
| 主題: | |
| 在線閱讀: | http://studentrepo.iium.edu.my/handle/123456789/2489 |
| 標簽: |
添加標簽
沒有標簽, 成為第一個標記此記錄!
|
| LEADER | 019280000a22003850004500 | ||
|---|---|---|---|
| 001 | 315431 | ||
| 005 | 20230608115514.0 | ||
| 008 | 050312s2001 my g 000 0 eng d | ||
| 035 | |a (Sirsi) 315431 | ||
| 040 | |a UIAM |b eng | ||
| 041 | 0 | |a eng | |
| 050 | 0 | 0 | |a BP191 |
| 100 | 1 | |a Elkateb, Marawan |9 123449 | |
| 245 | 1 | 0 | |a Diversity within the unity of the shari'ah : A study of the approach of Imam al-Sha'rani in his Mizan al-Kubra / |c by Marwan Elkateb |
| 260 | |a Kuala Lumpur : |b International Institute of Islamic Thought and Civilization (ISTAC), |c 2001 | ||
| 300 | |a x, 123 lvs ; |c 30 cm. | ||
| 336 | |2 rdacontent | ||
| 337 | |2 rdamedia | ||
| 338 | |2 rdacarrier | ||
| 500 | |a Abstract in English | ||
| 500 | |a "A thesis submitted to the International Institute of Islamic Thought and Civilization (ISTAC) in partial fulfilment of the M.A.Degree" -- On t.p. | ||
| 502 | |a Thesis (Master) -- International Islamic University Malaysia, International Institute of Islamic Thought and Civilization, 2001 | ||
| 504 | |a Includes bibliographical references [lvs 114-123] | ||
| 600 | 1 | 4 | |a Sha'rani, 'Abd al-Wahhab ibn Ahmad, |d 1493 (ca.)-1565 or 6 |9 9152 |
| 650 | 0 | |a Islamic sects |9 1279 | |
| 650 | 0 | |a Islamic law |v Early works to 1800 |9 1810 | |
| 655 | 0 | 7 | |a Theses, IIUM local |
| 690 | 0 | |a Dissertations, Academic |x International Institute of Islamic Thought and Civilization |z IIUM | |
| 710 | 2 | |a International Islamic University Malaysia. |b International Institute of Islamic Thought and Civilization | |
| 856 | 4 | |u http://studentrepo.iium.edu.my/handle/123456789/2489 | |
| 900 | |a za | ||
| 942 | |2 lcc |n 0 | ||
| 999 | |c 432216 |d 464590 | ||
| 952 | |0 0 |6 T BP 000191 E43D 2001 |7 0 |8 THESES |9 751800 |a SMNAL |b SMNAL |c CLOSEACCES |g 0.00 |o t BP191E43D 2001 |p 00000881324 |r 1900-01-02 |t 1 |v 0.00 |y THESIS | ||
| 952 | |0 0 |6 T BP 000191 E43D 2001 |7 0 |8 THESES |9 756920 |a IIUM |b IIUM |c MULTIMEDIA |g 0.00 |o t BP 191 E43D 2001 |p 11100343500 |r 2017-10-19 |t 1 |v 0.00 |y THESIS | ||
